[Event "Schleswig Holstein-ch Hauptturnier"]
[Site "Ratzeburg"]
[Date "2017.04.11"]
[Round "5.7"]
[White "Yueksel, Baran"]
[Black "Yueksel, Anja"]
[Result "0-1"]
[WhiteElo "1466"]
[BlackElo "1355"]
[PlyCount "84"]
[EventDate "2017.04.08"]
[EventType "swiss"]
[EventRounds "9"]
[EventCountry "GER"]
[SourceTitle "EXT 2022"]
[Source "ChessBase"]
[SourceDate "2021.10.06"]
[SourceVersion "1"]
[SourceVersionDate "2021.10.06"]
[SourceQuality "1"]

1. e4 d5 2. exd5 Qxd5 3. Nc3 Qa5 4. d4 Nf6 5. Bd2 Qb6 6. Bc1 Bg4 7. Be2 Bxe2 8. Ngxe2 Nbd7 9. 0-0 0-0-0 10. a4 a6 11. Nf4 e6 12. Rb1 Bb4 13. Nfe2 Rhe8 14. h3 Ne5 15. Bf4 Ng6 16. Be3 Qc6 17. Na2 Be7 18. c3 Nh4 19. f3 Nd5 20. Bf2 Bg5 21. b4 Ne3 22. Bxe3 Bxe3+ 23. Kh1 e5 24. b5 Qb6 25. bxa6 Qxa6 26. Nb4 Qg6 27. g3 Nf5 28. g4 Qh6 29. Kg2 Qg5 30. Qd3 g6 31. Nc2 e4 32. Qb5 exf3+ 33. Kh2 Bf4+ 34. Nxf4 Qxf4+ 35. Kh1 Ng3+ 36. Kg1 Nxf1 37. Kxf1 Qg3 38. Ne1 Qxh3+ 39. Kg1 Qxg4+ 40. Kf2 Re2+ 41. Kf1 Qh3+ 42. Kg1 Qh2+ 0-1

[Event "Schleswig Holstein-ch Hauptturnier"]
[Site "Ratzeburg"]
[Date "2017.04.10"]
[Round "4.3"]
[White "Wirries, Frank Michael"]
[Black "Yueksel, Baran"]
[Result "1-0"]
[WhiteElo "1814"]
[BlackElo "1466"]
[PlyCount "67"]
[EventDate "2017.04.08"]
[EventType "swiss"]
[EventRounds "9"]
[EventCountry "GER"]
[SourceTitle "EXT 2022"]
[Source "ChessBase"]
[SourceDate "2021.10.06"]
[SourceVersion "1"]
[SourceVersionDate "2021.10.06"]
[SourceQuality "1"]

1. e4 c5 2. Nf3 e6 3. d4 cxd4 4. Nxd4 Nc6 5. Nc3 a6 6. Be3 Nf6 7. Bd3 Qc7 8. 0-0 b5 9. f4 b4 10. Na4 Bb7 11. Qe2 Be7 12. Nb3 d6 13. Rad1 Bd8 14. Nb6 Rb8 15. h3 Ne7 16. Nc4 Bxe4 17. Nxd6+ Qxd6 18. Bxe4 Qc7 19. Bf3 Ned5 20. Bf2 0-0 21. Bxd5 Nxd5 22. Bg3 Qa7+ 23. Bf2 Qc7 24. f5 Qc6 25. Nd4 Qb7 26. fxe6 Nf4 27. Qg4 Nxe6 28. Nxe6 fxe6 29. Qxe6+ Rf7 30. Bc5 Bf6 31. Rd3 Qa8 32. Rd7 Rbf8 33. Bxf8 Qxf8 34. Qxf7+ 1-0